MARC details
| 000 -LEADER |
| fixed length control field |
01026nam a22003014a 4500 |
| 001 - CONTROL NUMBER |
| control field |
200431346 |
| 003 - CONTROL NUMBER IDENTIFIER |
| control field |
TR-AnTOB |
| 005 - DATE AND TIME OF LATEST TRANSACTION |
| control field |
20220106090312.0 |
| 007 - PHYSICAL DESCRIPTION FIXED FIELD--GENERAL INFORMATION |
| fixed length control field |
ta |
| 008 - FIXED-LENGTH DATA ELEMENTS--GENERAL INFORMATION |
| fixed length control field |
130529s2013 tu a 000 0 tur d |
| 020 ## - INTERNATIONAL STANDARD BOOK NUMBER |
| International Standard Book Number |
9786056318092 (paperback) |
| 040 ## - CATALOGING SOURCE |
| Original cataloging agency |
T9K |
| Language of cataloging |
eng |
| Transcribing agency |
T9K |
| Description conventions |
rda |
| Modifying agency |
TR-AnTOB |
| 041 0# - LANGUAGE CODE |
| Language code of text/sound track or separate title |
Türkçe |
| 050 #4 - LIBRARY OF CONGRESS CALL NUMBER |
| Classification number |
ND861 |
| Item number |
.V33 2013 |
| 090 ## - LOCALLY ASSIGNED LC-TYPE CALL NUMBER (OCLC); LOCAL CALL NUMBER (RLIN) |
| Classification number (OCLC) (R) ; Classification number, CALL (RLIN) (NR) |
ND861 |
| Local cutter number (OCLC) ; Book number/undivided call number, CALL (RLIN) |
.V33 2013 |
| 245 00 - TITLE STATEMENT |
| Title |
Vadim o kadar yeşildi ki : |
| Remainder of title |
ilk örneklerinden günümüze manzara... / |
| Statement of responsibility, etc. |
küratör Erkan Doğanay ; fotoğraflar Cihan Keskin. |
| 264 #1 - PRODUCTION, PUBLICATION, DISTRIBUTION, MANUFACTURE, AND COPYRIGHT NOTICE |
| Place of production, publication, distribution, manufacture |
İstanbul : |
| Name of producer, publisher, distributor, manufacturer |
Küçükçekmece Belediyesi, |
| Date of production, publication, distribution, manufacture, or copyright notice |
2013. |
| 300 ## - PHYSICAL DESCRIPTION |
| Extent |
107 pages : |
| Other physical details |
illustrations ; |
| Dimensions |
28 cm. |
| 336 ## - CONTENT TYPE |
| Content type term |
text |
| Source |
rdacontent. |
| Content type code |
txt |
| 337 ## - MEDIA TYPE |
| Media type term |
unmediated |
| Source |
rdamedia. |
| Media type code |
n |
| 338 ## - CARRIER TYPE |
| Carrier type term |
volume |
| Source |
rdacarrier. |
| Carrier type code |
nc |
| 650 #7 - SUBJECT ADDED ENTRY--TOPICAL TERM |
| Topical term or geographic name entry element |
Resim |
| Form subdivision |
Sergiler |
| Source of heading or term |
etuturkob |
| 9 (RLIN) |
37620 |
| 700 ## - ADDED ENTRY--PERSONAL NAME |
| Personal name |
Keskin, Cihan |
| Relator term |
photopgrapher |
| 9 (RLIN) |
83205 |
|
| Personal name |
Doğanay, Erkan |
| Relator term |
curator |
| 9 (RLIN) |
122458 |
| 710 #2 - ADDED ENTRY--CORPORATE NAME |
| Corporate name or jurisdiction name as entry element |
Küçükçekmece Belediyesi |
| Relator term |
prepared. |
| 9 (RLIN) |
83208 |
| 942 ## - ADDED ENTRY ELEMENTS (KOHA) |
| Source of classification or shelving scheme |
Library of Congress Classification |
| Koha item type |
Book |